| 000 | 01174nam a22002657a 4500 | ||
|---|---|---|---|
| 005 | 20170124103013.0 | ||
| 010 | _aA-907016 | ||
| 020 | _c100.00 | ||
| 035 | _aA-907016 | ||
| 037 | _bCen Lib/Ret | ||
| 040 |
_aDPL _bHN |
||
| 082 |
_aउ _bमित्रवि |
||
| 100 |
_aमित्र, विमल _958275 |
||
| 245 |
_aकुंडली चक्र / _cविमल मित्र; अनुवादक हंसकुमार तिवारी |
||
| 246 |
_aKundali chakra / _bby Vimal Mitra; anuwadak Hanskumar Tiwari |
||
| 260 |
_aदिल्ली _bश्रीकृष्ण पुस्तक भंडार _c1998 |
||
| 270 |
_bदिल्ली _e110053 _aसी-8/174, यमुना विहार |
||
| 300 |
_a111पृ. _c21सेमी (सजिल्द) |
||
| 650 |
_a हिन्दी साहित्य _958276 |
||
| 650 |
_a हिन्दी साहित्य -- उपन्यास _946379 |
||
| 650 |
_aHindi literature _958277 |
||
| 650 |
_aHindi literature -- Fiction _958278 |
||
| 700 |
_bतिवारी, हंसकुमार _958279 |
||
| 942 |
_2ddc _cHN _hउ _mमित्रवि |
||
| 999 |
_c114775 _d114775 |
||